| 000 | 00515cam a22002171 4500 | ||
|---|---|---|---|
| 001 | sa 62000181 | ||
| 003 | DLC | ||
| 005 | 20260227111913.0 | ||
| 008 | 950117q19001962ii 000 1 hino | ||
| 010 | _asa 62000181 | ||
| 025 | _aPL480:I-H-64 | ||
| 035 | _a(OCoLC)31829361 | ||
| 040 |
_aDLC _cCU _dCU _dDLC |
||
| 042 | _apremarc | ||
| 050 | 0 | 0 |
_aPK2098.S25 _bC5 |
| 100 | 1 |
_aSaksenā, Śambhūdayāla, _d1901- |
|
| 245 | 1 | 0 | _aCitrapaṭa. |
| 260 | _c[19--] | ||
| 300 |
_a239 p. _c19 cm. |
||
| 500 | _aIn Hindi. | ||
| 999 |
_c52832 _d52832 |
||